000
00283 a2200145 4500
001
172502
020
_a
040
_c
Magnum
100
_a
Duarte, Luiz
240
1
0
_a
Eu vi uma barata
_l
por
245
1
0
_a
Eu vi uma barata
362
0
_a
1899
697
_a
I/ANIMAIS
942
_c
BK
999
_c
172502
_d
172502